Responses for Show #5099 - Thursday, November 9, 2006

2006 Celebrity Jeopardy! game 2.
From Radio City Music Hall in New York City.

Contestants

[<< previous game]

Curt Schilling, a pitcher from the Boston Red Sox

Jane Kaczmarek, an Emmy-nominated actress from Help Me Help You

Doug Savant, an actor from Desperate Housewives

[next game >>]

Jeopardy! Round responses

STARRING ROLLS
SHILLING
(Alex: This is about advertising... Advertising catchphrases--name the brand.)
STAN THE CONTRACTOR
SAVANTS
ORSON WELLES
A "HOPE"FUL CATEGORY
    $200 6
biscuit

Curt
    $200 16
(Alex: Minute to go.)

Nike

Doug
    $200 11
a moat

Doug
    $200 1
the Wright Brothers

Doug
    $200 9
Citizen Kane

Jane
    $400 7
crescent rolls

Jane
    $400 17
Folgers

Jane
    $400 12
lighting

Doug
    $400 2
Churchill

Doug
    $400 10
(Jane: Who are The Magnificent Ambersons?)

The Third Man

Jane
Triple Stumper
    $600 8
English muffins

Doug
    $600 18
Diet Coke

Curt
    $600 13
roofs

Jane
    $1,000 3
Martin Luther King (Jr.)

Doug
    $600 21
[The end-of-round signal sounds.]

Othello

Jane
    $800 19
(Doug: What is tuna, what is Charlie tuna?)
(Alex: [*], we'll accept it.)
(Doug: Very good, thank you.)

StarKist Tuna

Doug
    $800 14
(Doug: Uh, what is four weeks?)

two weeks (14 days)

DougJane
    $800 4
Mozart

Jane
    $1000 20
(Curt: [Grimacing] My gosh.)
[Audience laughter]
(Alex: Oh, come on! Oh, too much time, Doug?)
(Doug: What is [*]?)
(Alex: [*], yes indeed! Go again.)

Rice-A-Roni

DougCurt
    $1000 15
(Jane: Think I've had my house renovated?)
[Laughter]

a clawfoot tub

Jane
    $1000 5
(Alex: And that Ancient Greek was [*]. Jane, let's go somewhere else.)
(Jane: Let's.)

Plato

Triple Stumper

Scores at the first commercial break (after clue 13):

Doug Jane Curt
$2,800 $1,600 $200

Scores at the end of the Jeopardy! Round:

Doug Jane Curt
$4,000 $4,400 -$200

Double Jeopardy! Round responses

MALCOLM X IN THE MIDDLE
SHINY THINGS
SPORTS
NOVELS
THE BIRDS & THE BEES
SOUNDS THE SAME TO ME
    $400 12
39

Doug
    $400 17
(Jane: What are clouds?)

stars

Jane
Triple Stumper
    $400 2
one

Triple Stumper
    $400 7
India

Jane
    $400 1
Nice/niece

Doug
    $800 13
Islam

Doug
    $800 18
[Applause for Curt's response]
(Alex: Ha ha! Fed you one--fed you a fastball right down the middle!)

shilling

Curt
    $800 3
100

Curt
    $800 8
(Jane: What is a toboggan?)
(Alex: Nnnno...)
(Jane: A sled? What is a sled?)
(Alex: All right, we'll give you that one, it's a sled. A [*].)

a bobsled

Jane
    $800 26
[The end-of-round signal sounds.]

seagull

Triple Stumper
    $800 22
bear/bare

Curt
    $1200 14
(Curt: What is Lincoln?)
(Alex: No.)
(Curt: [To himself] It's [*].)
(Jane: What is [*]?)
(Alex: Yes, Curt said it to you nicely, didn't he?)
(Jane: Thank you, my friend.)

Omaha

JaneCurt
    $1200 19
stainless steel

Triple Stumper
    $1200 4
golf

Curt
    $1200 9
science fiction

Jane
    $1200 23
heel/heal

Triple Stumper
    $3,800 15
(Alex: ...you can risk any or all of your $7,600.)
(Jane: Umm... half, whatever that would be.)

Spike Lee

Jane
    $1600 20
Luxor

Jane
    $1600 5
love

Doug
    $1600 10
(Doug: What is White Fang?)

The Call of the Wild

DougJane
    $2,200 24
(Alex: [After Daily Double is revealed] And we have about a minute left, Curt.)

tear/tier

Curt
    $2000 16
Saudi Arabia

Triple Stumper
    $2000 21
(Doug: I've never been so proud.)

Lite-Brite

Doug
    $2000 6
hockey

Doug
    $2000 11
(Jane: What is The Incredible Lightness of Being?)

The Unbearable Lightness of Being

Jane
Triple Stumper
    $2000 25
team/teem

Triple Stumper

Scores at the end of the Double Jeopardy! Round:

Doug Jane Curt
$9,600 $12,600 $4,400

[wagering suggestions for these scores]

Final Jeopardy! Round responses

CELEBRITY RELATIVES
CurtWho is Nancy Drew
$4,400
DougWho is Drew Barrymore
$8,600
JaneWho Nancy Drew
$7,000
Drew Barrymore

Final scores:

Doug Jane Curt
$18,200 $5,600 $0
Winner: $50,000 to the Desi Geestman Foundation 2nd place: $25,000 to the Clothes Off Our Back Foundation 3rd place: $25,000 to Curt's Pitch for ALS & the SHADE Foundation of America

Game dynamics:

Coryat scores:

Doug Jane Curt
$9,200 $10,400 $3,800
15 R
(including 1 DD),
2 W
15 R
(including 1 DD),
3 W
7 R
(including 1 DD),
2 W

Combined Coryat: $23,400

[game clues] [game scores] [suggest correction]

Game tape date: 2006-10-05
The J! Archive is created by fans, for fans. Scraping, republication, monetization, and malicious use prohibited; this site may use cookies and collect identifying information. See terms. The Jeopardy! game show and all elements thereof, including but not limited to copyright and trademark thereto, are the property of Jeopardy Productions, Inc. and are protected under law. This website is not affiliated with, sponsored by, or operated by Jeopardy Productions, Inc. Join the discussion at JBoard.tv.